000 00513 a2200181 4500
999 _c5310
_d5310
020 _a9780857257291
050 _aLC 5215 GLA 2012
100 1 _aGravells, Ann.
_eAuthor
245 1 0 _aWhat is teaching in the lifelong learning sector? /
_cAnn Gravells.
250 _a1st ed.
264 _aLos Angeles:
_bSage Publications,
_c2012
300 _aviii, 104p. :
440 _aLearning matters
500 _aIncludes index
650 _aAdult learning
942 _2lcc
_cBK
_h5215
_iGLA
_kLC